Statistics for 马来西亚的州和联邦直辖区

Click here to take the quiz!

General Stats

  • This quiz has been taken 113 times
  • The average score is 11 of 16

Answer Stats

州 / 联邦直辖区% Correct
吉隆坡
97%
柔佛
86%
沙巴
86%
槟城
82%
马六甲
77%
雪兰莪
69%
吉打
68%
霹雳
68%
砂拉越
68%
布城
60%
吉兰丹
59%
玻璃市
58%
登嘉楼
53%
彭亨
51%
森美兰
49%
纳闽
49%

Score Distribution

Percentile by Number Answered

Percent of People with Each Score

Your Score History

You have not taken this quiz